Tim Burton Movies - Statistics

General Stats
  • This quiz has been taken 11 times
  • The average score is 8 of 16
Answer Stats
Picture Answer % Correct
Edward Scissorhands
100%
Alice in Wonderland
80%
Batman
80%
Charlie and the Chocolate Factory
80%
Beetlejuice
70%
Corpse Bride
70%
Sweeney Todd: The Demon Barber of Fleet Street
70%
The Nightmare Before Christmas
70%
Sleepy Hollow
50%
Frankenweenie
40%
Mars Attacks
30%
Dark Shadows
20%
Hansel and Gretel
20%
Vincent
20%
Alice in Wonderland: Through the Looking Glass
10%
Beetlejuice Beetlejuice
10%
No matching quizzes found
Score Distribution
Percent of People with Each Score
Percentile by Number Answered
Your Score History
You have not taken this quiz